000
00257 a2200097 4500
001
32850
100
_a
CBS
245
_a
Problems and Solutions of Engineering Mechanics
260
_a
New Delhi
_b
CBS Publishers and Distributors
_c
2002
090
_c
22018
_d
22018
942
_a
NUST-CAE
_c
M
_c
13357
999
_c
267923
_d
267923